000 00750nam a2200241Ia 4500
003 OSt
005 20220918220159.0
006 a|||||r|||| 00| 0
007 ta
008 220917b |||||||| |||| 00| 0 eng d
024 _a144,931
037 _cTextual
040 _aARTS
_cARTS
_beng
041 _2eng
_aeng
082 _aY17611:3(X:31).N5, J8(906)
110 _aTanganyika East African Statistical (Department)
_9123714
245 0 _aHousehold budget survey of Africans living in Dar Es Salaam 1956-1957
260 _aNA
_bNA
_c1958
650 _aSOCIOLOGY
700 _aTanganyika East African Statistical (Department)
_9123715
942 _hY17611:3(X:31).N5, J8(906)
_cTEXL
_2CC
999 _c267804
_d267804